00294nam a2200133Ia 4500003000900000008004100009040001300050040001300063100001800076245002900094260002300123300000800146490000600154IT-RoPAU120407s9999 xx 000 0 und d aIT-RoPAU cIT-RoPAU aThomas Merton aDialoghi con il silenzio aSan Paolo Edizioni c cm v1